000 00263nam a22001217a 4500
008 170531b xxu||||| |||| 00| 0 eng d
041 _aeng
080 _a94(6)
100 _a17
101 _aSHH
245 _aHISTORY SOUTH AFRICA
_cKOCK.W.J
942 _2udc
_cBK
999 _c15150
_d15150